书目信息 |
| 题名: |
怎样教英语
|
|
| 作者: | 哈默 著 | |
| 分册: | ||
| 出版信息: | 北京 外语教学与研究出版社 2000.08 |
|
| 页数: | 203页 | |
| 开本: | 23cm | |
| 丛书名: | ||
| 单 册: | ||
| 中图分类: | H319.3 | |
| 科图分类: | ||
| 主题词: | 英语 | |
| 电子资源: | ||
| ISBN: | 7-5600-1902-1 | |
| 000 | 00528nam0 2200193 450 | |
| 001 | 0431240820 | |
| 005 | 20041019084151.76 | |
| 010 | @a7-5600-1902-1@dCNY 19.90 | |
| 100 | @a20041019d2000 km y0chiy0120 ea | |
| 101 | 0 | @achi |
| 102 | @aCN@b110000 | |
| 200 | 1 | @a怎样教英语@Azen yang jiao ying yu@f(英)哈默著@F(ying)ha mo zhu |
| 210 | @a北京@c外语教学与研究出版社@d2000.08 | |
| 215 | @a203页@d23cm | |
| 606 | 0 | @a英语 |
| 690 | @aH319.3@v3 | |
| 701 | 0 | @a哈默@Aha mo@4著 |
| 801 | 0 | @aCN@bPFT@c20041019 |
| 905 | @a10447@dH319.3@eH024 | |
| 怎样教英语/(英)哈默著.-北京:外语教学与研究出版社,2000.08 |
| 203页;23cm |
| ISBN 7-5600-1902-1:CNY 19.90 |
| ● |
| 相关链接 |
|
|
|
正题名:怎样教英语
索取号:H319.3/H024
 
预约/预借
| 序号 | 登录号 | 条形码 | 馆藏地/架位号 | 状态 | 备注 |
| 1 | 420739 | 204207394 | 外国语学院资料室/ [索取号:H319.3/H024] | 在馆 |